L'Égypte et l'occupation Anglaise /

محفوظ في:

المؤلف الرئيسي: Plauchut, Edmond, 1824-1909 (مؤلف)

التنسيق: كتاب

اللغة: French

منشور في: Paris : [E. Plon, Nourrit, et cie], 1889.

الموضوعات:

الوسوم: إضافة وسم

لا توجد وسوم, كن أول من يضع وسما على هذه التسجيلة!

رقم الطلب: DT107 .P35

LEADER 00582nam a22001937a 4500
003 OSt
005 20260405115558.0
008 260405t1889 fr g 000 0 fre d
040 |c ARCE Library 
043 |a f-ua--- 
050 1 4 |a DT107  |b .P35 
100 1 |a Plauchut, Edmond,  |d 1824-1909,  |e author  |9 37710 
245 1 2 |a L'Égypte et l'occupation Anglaise /   |c par Edmond Plauchut. 
264 1 |a Paris :   |b [E. Plon, Nourrit, et cie],   |c 1889. 
300 |a 258 pages ;   |c 19 cm. 
651 0 |a Egypt  |x History  |y British occupation, 1882-1936. 
901 |a reviewed 
942 |c BK  |2 lcc 
999 |c 16660  |d 16660